LEADER 00954nam0 2200265 450 001 000027894 005 20100827094902.0 100 $a20100827d1985----km-y0itaa50------ba 101 0 $aita 102 $aIT 200 1 $a<> teatro abbandonato$fun'esplorazione fotografica di Maurizio Buscarino$guna ricerca teatrale di Paolo Pierazzini 210 $aFirenze$c<> Casa Usher$dc1985 215 $a103 p.$cill., fot. color.$d30 cm 606 1 $aTeatri$yToscana$xFotografie 676 $a725.8220954555$v(21. ed.)$9Edifici per attivitą ricreative. Teatri e teatri lirici. Provincia di Pisa 676 $a792$v(21. ed.)$9Rappresentazioni sceniche 700 1$aBuscarino,$bMaurizio$0158619 702 1$aPierazzini,$bPaolo 801 0$aIT$bUniversitą della Basilicata - B.I.A.$gRICA$2unimarc 912 $a000027894 996 $aTeatro abbandonato$994962 997 $aUNIBAS BAS $aLETTERE CAT $aTTM$b30$c20100827$lBAS01$h0949 FMT LEADER 02316nam 2200625 a 450 001 9910778668903321 005 20230421033230.0 010 $a0-309-17492-9 010 $a1-280-19176-7 010 $a9786610191765 010 $a0-309-59010-8 010 $a0-585-08539-0 035 $a(CKB)110986584751960 035 $a(OCoLC)614743023 035 $a(CaPaEBR)ebrary10055536 035 $a(SSID)ssj0000150858 035 $a(PQKBManifestationID)11162912 035 $a(PQKBTitleCode)TC0000150858 035 $a(PQKBWorkID)10317339 035 $a(PQKB)11293817 035 $a(MiAaPQ)EBC3376368 035 $a(Au-PeEL)EBL3376368 035 $a(CaPaEBR)ebr10055536 035 $a(CaONFJC)MIL19176 035 $a(OCoLC)923263260 035 $a(EXLCZ)99110986584751960 100 $a19961211d1997 uy 0 101 0 $aeng 135 $aurcn||||||||| 181 $ctxt 182 $cc 183 $acr 200 00$aEvaluation of the U.S. Department of Energy's alternatives for the removal and disposition of molten salt reactor experiment fluoride salts$b[electronic resource] /$fMolten Salt Panel of the Committee on Remediation of Buried and Tank Wastes, Board on Radioactive Waste Management, Commission of Geosciences, Environment, and Resources, National Research Council 210 $aWashington, D.C. $cNational Academy Press$d1997 215 $a1 online resource (147 p.) 300 $aBibliographic Level Mode of Issuance: Monograph 311 $a0-309-05684-5 320 $aIncludes bibliographical references. 606 $aRadioactive waste disposal$zUnited States 606 $aMolten salt reactors 606 $aFluorides 606 $aReactors de sal fosa$2lemac 615 0$aRadioactive waste disposal 615 0$aMolten salt reactors. 615 0$aFluorides. 615 7$aReactors de sal fosa 676 $a363.72/89 712 02$aNational Research Council (U.S.).$bCommittee on Remediation of Buried and Tank Wastes.$bMolten Salt Panel. 801 0$bMiAaPQ 801 1$bMiAaPQ 801 2$bMiAaPQ 906 $aBOOK 912 $a9910778668903321 996 $aEvaluation of the U.S. Department of Energy's alternatives for the removal and disposition of molten salt reactor experiment fluoride salts$93788016 997 $aUNINA